000 00637nam a2200241Ia 4500
003 OSt
005 20220924150339.0
006 a|||||r|||| 00| 0
007 ta
008 220923b |||||||| |||| 00| 0 tel d
020 _c15
024 _a332825
037 _cTextual
040 _aARTS
_cARTS
_btel
041 _2tel
_atel
082 _aO35,1M93:g, L6
100 _aRao Mudivedu Prabhakara
_9221911
245 0 _aBrahmeemaya murthi viswanatha sahitee darsanam
260 _c1976
650 _aTELUGU POETRY
942 _hO35,1M93:g, L6
_cTEXL
_2CC
999 _c463033
_d463033